000 00647nam a2200241 a 4500
008
020 _a9781138837393 (hbk.)
020 _a0582082099 (pbk.)
049 _aMAIN
090 _aTA710
_bSMI
100 1 _aSmith, M. J.
245 1 0 _aSoil mechanics /
_cM.J. Smith.
250 _a4th ed.
260 _aEssex :
_bLongman Scientific and Technical ,
_c1981.
300 _a168 p. :
_bill. ;
_c22 cm.
500 _aIncludes index.
650 _aSoil Mechanics.
907 _a.b1002203x
_b30-11-17
_c17-04-03
003
005 20230123122324.0
040 _cNUST
942 _cBOOKS
_kTA710
_mSMI
999 _c131630
_d131630